[Event "205th YMCA Autumn A"]
[Site "Warsaw"]
[Date "2018.12.14"]
[Round "12"]
[White "Markiewicz, Michal"]
[Black "Kasperkiewicz, Pawel"]
[Result "0-1"]
[WhiteElo "1902"]
[BlackElo "1933"]
[PlyCount "83"]
[EventDate "2018.09.21"]
[EventType "tourn"]
[EventRounds "1"]
[EventCountry "POL"]
[SourceDate "2018.09.20"]

1. e4 e6 2. d3 d5 3. Qe2 dxe4 4. dxe4 e5 5. Nf3 Nc6 6. Nbd2 Nf6 7. c3 Bd6 8.
Nc4 h6 9. Qc2 Be6 10. h3 a6 11. Nxd6+ cxd6 12. Be3 Rc8 13. c4 O-O 14. Be2 b5
15. Nd2 bxc4 16. O-O d5 17. exd5 Nxd5 18. Nxc4 Nf4 19. b3 Nd4 20. Bxd4 exd4 21.
Qd1 Qg5 22. g3 Bxh3 23. Bf3 Bxf1 24. Kxf1 Ne6 25. Nd6 Rc7 26. Ne4 Qb5+ 27. Kg2
Rd8 28. Qd2 d3 29. Rh1 Ng5 30. Qf4 Re7 31. Nf6+ gxf6 32. Qxf6 Qe5 33. Qxh6 Qg7
34. Qb6 Red7 35. Qxa6 d2 36. Bd1 Qg6 37. Qa5 Qc6+ 38. Kg1 Rd5 39. Qb4 Rd4 40.
Qe7 Qg6 41. Qe3 Re4 42. Qb6 0-1

[Event "205th YMCA Autumn A"]
[Site "Warsaw"]
[Date "2018.12.14"]
[Round "12"]
[White "Safanowski, Tomasz"]
[Black "Podgorski, Maciej"]
[Result "0-1"]
[WhiteElo "1816"]
[BlackElo "1865"]
[PlyCount "68"]
[EventDate "2018.09.21"]
[EventType "tourn"]
[EventRounds "1"]
[EventCountry "POL"]
[SourceDate "2018.09.20"]

1. c4 Nf6 2. Nf3 g6 3. g3 Bg7 4. Bg2 d6 5. d4 O-O 6. O-O Nc6 7. Nc3 Na5 8. b3
c5 9. Bb2 Bf5 10. Rc1 Re8 11. dxc5 dxc5 12. Na4 b6 13. Bc3 Nc6 14. Ne5 Nxe5 15.
Bxe5 Be4 16. Bxf6 Bxg2 17. Kxg2 Bxf6 18. Qc2 Qc7 19. Qe4 Rad8 20. Rfd1 Qe5 21.
Qxe5 Bxe5 22. f4 Bd4 23. Kf3 e5 24. e3 e4+ 25. Ke2 Bg7 26. a3 f5 27. b4 Bf8 28.
Nc3 cxb4 29. Nd5 bxa3 30. Nf6+ Kf7 31. Nxe8 Kxe8 32. g4 Rxd1 33. Kxd1 Bg7 34.
Rc2 Bb2 0-1